[Event "Cto. Autonómico por Equipos 2007"]
[Site "Aragón"]
[Date "2007.03.03"]
[Round "6.41"]
[White "Hinojar Basa Alfonso"]
[Black "Horton Justin"]
[Result "1/2-1/2"]
[WhiteElo "2207"]
[BlackElo "2140"]

1.e4 e5 2.Nf3 Nc6 3.Bc4 Bc5 4.c3 Nf6 5.b4 Bb6 6.d3 d6 7.Qb3 O-O 8.Bg5 Qe7 9.
Nbd2 a5 10.b5 Nd8 11.a4 Ne6 12.Be3 Bxe3 13.fxe3 Nc5 14.Qd1 c6 15.O-O d5 16.
exd5 cxd5 17.d4 exd4 18.exd4 dxc4 19.dxc5 Qxc5+ 20.Nd4 Bg4 21.Qe1 Rae8 22.Qg3
Ne4 23.Nxe4 Rxe4 24.h3 Be2 25.Rf5 Qb6 26.Re1 Bd3 27.Re5 Rxe1+ 28.Qxe1 g6 29.
Re7 Bc2 30.Qe5 Rd8 31.Kh2 Bf5 32.Nxf5 gxf5 33.Qc7 Qd6+ 34.Qxd6 Rxd6 35.Rc7 Rd2
36.Rxc4 Ra2 37.Kg3 Kg7 38.Kf3 Kf6 1/2-1/2

[Event "Cto. Autonómico por Equipos 2007"]
[Site "Aragón"]
[Date "2007.03.03"]
[Round "6.42"]
[White "Gonzalez Gambau Jorge"]
[Black "Portero Garnica Miguel Angel"]
[Result "0-1"]
[WhiteElo "2175"]
[BlackElo "2020"]

1.e4 e5 2.Nf3 Nc6 3.Nc3 Nf6 4.g3 Bb4 5.Bg2 O-O 6.O-O Re8 7.d3 d6 8.Bg5 Be6 9.
Nd5 Bxd5 10.exd5 Nb8 11.c3 Bc5 12.Nd2 h6 13.Bxf6 Qxf6 14.Ne4 Qg6 15.Nxc5 dxc5
16.Qa4 Rd8 17.Qb5 Qb6 18.Qxb6 axb6 19.f4 Nd7 20.a3 Ra4 21.Bh3 exf4 22.b3 Raa8
23.gxf4 Nf6 24.c4 Re8 25.Kf2 b5 26.cxb5 Nxd5 27.Bg2 Nxf4 28.Bxb7 Nxd3+ 29.Kg1
Rad8 30.a4 Ne5 31.Rad1 c4 32.bxc4 Rxd1 33.Rxd1 Nxc4 34.Rd7 Nb6 35.Rd4 Re1+ 36.
Kf2 Ra1 37.Rd8+ Kh7 38.Rf8 Kg6 39.Be4+ Kf6 40.Bc6 Rxa4 41.Rb8 Ke6 42.Re8+ Kd6
43.Rd8+ Ke5 44.Re8+ Kf6 45.Rb8 Rf4+ 46.Kg3 Rf5 47.Rd8 g5 48.Rh8 Kg7 49.Re8 Nc4
50.Re7 Nd6 51.Rxc7 Nxb5 52.Rd7 Nc3 53.Rd3 Ne2+ 0-1

[Event "Cto. Autonómico por Equipos 2007"]
[Site "Aragón"]
[Date "2007.03.03"]
[Round "6.43"]
[White "Jario Garcia Ricardo Javier"]
[Black "Abos Rosico Antonio"]
[Result "1-0"]
[WhiteElo "2161"]
[BlackElo "1957"]

1.e4 d6 2.d4 Nf6 3.Nc3 g6 4.Bg5 Nbd7 5.f4 c6 6.Qd2 Bg7 7.Nf3 b5 8.Bd3 Bb7 9.
O-O b4 10.Nd1 c5 11.Nf2 Qc7 12.c3 bxc3 13.bxc3 e6 14.Rab1 Bc6 15.e5 Nd5 16.Ne4
dxe5 17.fxe5 O-O 18.c4 Nb4 19.Be7 Nxd3 20.Qxd3 Nxe5 21.Nxe5 Bxe4 22.Qxe4 Qxe7
23.Rb7 Qd6 24.Rd7 Qb6 25.Rfxf7 Bh6 26.Ng4 Rxf7 27.Nxh6+ Kf8 28.Rxf7+ 1-0

[Event "Cto. Autonómico por Equipos 2007"]
[Site "Aragón"]
[Date "2007.03.03"]
[Round "6.44"]
[White "Perez Puyal Jose J"]
[Black "Ruiperez Ramon"]
[Result "0-1"]
[WhiteElo "1886"]
[BlackElo "1625"]

1.e4 c5 2.g3 d6 3.Nc3 Nc6 4.d3 h5 5.h4 Nf6 6.Bg2 Nd4 7.Nh3 Bxh3 8.Bxh3 Ng4 9.
O-O e6 10.f3 Ne5 11.Bf4 Ng6 12.Be3 Be7 13.Qd2 Ne5 14.Bxd4 cxd4 15.Ne2 g5 16.
hxg5 Bxg5 17.f4 Bh6 18.Nxd4 Rg8 19.Qf2 Qh4 20.fxe5 Rxg3+ 21.Bg2 Be3 22.Nf3 Qg4
23.Ne1 Bxf2+ 24.Rxf2 h4 25.Kh2 O-O-O 26.exd6 Rg8 27.e5 h3 28.Bh1 Rg1 0-1

[Event "Cto. Autonómico por Equipos 2007"]
[Site "Aragón"]
[Date "2007.03.03"]
[Round "6.49"]
[White "Martinez Catalin Francisco Javier"]
[Black "Bayod Rubia Angel"]
[Result "1-0"]
[WhiteElo "2240"]
[BlackElo "2080"]

1.d4 Nf6 2.c4 b6 3.Nc3 Bb7 4.Qc2 d5 5.cxd5 Nxd5 6.Nf3 e6 7.Bd2 Nd7 8.e4 Nxc3
9.Bxc3 Nf6 10.Bd3 h6 11.O-O-O Be7 12.Kb1 O-O 13.Rhg1 a5 14.g4 Nh7 15.d5 exd5
16.exd5 Ng5 17.Nd4 Bxd5 18.h4 Ne6 19.Bh7+ Kh8 20.Nf5 Bf6 21.Bxf6 Qxf6 22.g5
Qd8 23.gxh6 g6 24.Ne3 Kxh7 25.Nxd5 Qxh4 26.f4 c5 27.f5 Ng5 28.Qc3 Rg8 29.Nf6+
1-0

[Event "Cto. Autonómico por Equipos 2007"]
[Site "Aragón"]
[Date "2007.03.03"]
[Round "6.50"]
[White "Lopez Guaita Fernando"]
[Black "Solano Lasierra Javier"]
[Result "0-1"]
[WhiteElo "2066"]
[BlackElo "2132"]

1.d4 d5 2.Nf3 Nf6 3.e3 Bf5 4.Bd3 Bxd3 5.Qxd3 c6 6.Nbd2 e6 7.Ne5 Nbd7 8.f4 Be7
9.O-O Qc7 10.c3 O-O 11.Rf3 Ne8 12.Rh3 f5 13.g4 Nd6 14.g5 Nxe5 15.dxe5 Ne4 16.
Qe2 g6 17.Rf3 Rad8 18.h4 Kg7 19.h5 Rh8 20.Rh3 h6 21.gxh6+ Rxh6 22.Nxe4 dxe4
23.Rg3 Qd7 24.Rxg6+ Rxg6+ 25.hxg6 Qd1+ 26.Qxd1 Rxd1+ 27.Kf2 Kxg6 28.Ke2 Rh1
29.b4 Kh5 30.a4 Kg4 31.Kd2 Rh2+ 32.Kd1 Kf3 33.Ra3 c5 34.Bd2 cxb4 35.Rb3 bxc3
36.Bxc3 b6 37.a5 Bc5 38.Bd4 Bxd4 39.exd4+ Kxf4 40.axb6 axb6 41.Rxb6 e3 42.d5
Rd2+ 43.Ke1 Rxd5 44.Rxe6 Rxe5 45.Ra6 Rb5 46.Ke2 Rb2+ 47.Kf1 Kf3 48.Ra1 f4 49.
Rc1 Rf2+ 50.Kg1 Rg2+ 51.Kh1 Rg8 52.Rf1+ Ke4 0-1

[Event "Cto. Autonómico por Equipos 2007"]
[Site "Aragón"]
[Date "2007.03.03"]
[Round "6.51"]
[White "Pellicer Cemeli Jose Luis"]
[Black "Bailo Remacha Santiago"]
[Result "1-0"]
[WhiteElo "2043"]
[BlackElo "2039"]

1.d4 Nf6 2.c4 g6 3.Nc3 b6 4.e4 Bb7 5.Bd3 c5 6.d5 d6 7.f4 Nbd7 8.Nf3 Bg7 9.O-O
O-O 10.Qe2 e6 11.Kh1 exd5 12.exd5 Re8 13.Qf2 Ng4 14.Qg3 f5 15.Ng5 Nf8 16.Bd2
Bd4 17.h3 Nh6 18.Rae1 Qd7 19.b3 a6 20.Na4 Qc7 21.Qh4 Nf7 22.Nf3 Bg7 23.Rxe8
Rxe8 24.Re1 Rxe1+ 25.Qxe1 b5 26.Ba5 Qb8 27.Nb6 b4 28.Qe7 Qd8 29.Qxb7 Qf6 30.
Nd7 Qc3 31.Nxf8 Qc1+ 32.Kh2 Qxf4+ 33.Kh1 Bxf8 34.Qc8 Qe3 35.Bxf5 Qc1+ 36.Ng1
gxf5 37.Qxf5 Qd1 38.Bd8 Bh6 39.Bf6 Qe1 40.Qg4+ Kf8 41.Qe2 Qxe2 42.Nxe2 Ne5 43.
Bxe5 dxe5 44.g4 Be3 45.Kg2 Ke7 46.Kf3 Bg5 47.Ng3 Bf4 48.Ne4 Bc1 49.Nxc5 a5 50.
Nd3 1-0

[Event "Cto. Autonómico por Equipos 2007"]
[Site "Aragón"]
[Date "2007.03.03"]
[Round "6.52"]
[White "Dominguez Castillo Alejandro"]
[Black "Felez Casedas Carlos"]
[Result "1/2-1/2"]
[WhiteElo "1794"]
[BlackElo "2010"]

1.d4 d5 2.Nf3 e6 3.c4 c6 4.Nc3 Nf6 5.Bg5 Be7 6.e3 Nbd7 7.Bd3 dxc4 8.Bxc4 Nd5
9.Bxe7 Qxe7 10.a3 O-O 11.O-O N5f6 12.Qc2 b6 13.Rfd1 Bb7 14.Qe2 Rad8 15.Rac1 e5
16.dxe5 Nxe5 17.Nxe5 Qxe5 18.Rd3 Rxd3 19.Bxd3 c5 20.Rd1 g6 21.Bc4 Ne4 22.Nxe4
Qxe4 23.f3 Qe7 24.Qd3 Bc6 25.e4 Rc8 26.Ba6 Rc7 27.Bc4 Rd7 28.Bd5 Bxd5 29.exd5
Qe5 30.Qe4 Qxe4 31.fxe4 f6 32.Kf2 Kf7 33.g4 Ke7 34.Ke3 Kd6 35.Kf4 b5 36.h4 c4
37.Rc1 a5 38.a4 Kc5 39.axb5 Kxb5 40.Ke3 f5 41.exf5 gxf5 42.gxf5 Rxd5 43.Ke4
Rd2 44.Ke3 Rxb2 45.f6 Kc5 46.f7 Rb8 47.Rf1 Rf8 48.Rf5+ Kd6 49.Kd4 Ke6 50.Rxa5
Rxf7 51.Kxc4 Rf4+ 52.Kd3 Rxh4 53.Rg5 Rf4 1/2-1/2

[Event "Cto. Autonómico por Equipos 2007"]
[Site "Aragón"]
[Date "2007.03.03"]
[Round "6.61"]
[White "Lara Pueyo Felix"]
[Black "Cantin Zaborras Valentin"]
[Result "0-1"]
[WhiteElo "1875"]
[BlackElo "2125"]

1.e4 c5 2.Ne2 Nc6 3.g3 g6 4.Bg2 Bg7 5.Nbc3 d6 6.d3 e6 7.O-O Nge7 8.Be3 O-O 9.
Rb1 b6 10.f4 Bb7 11.Qe1 d5 12.Bd2 dxe4 13.dxe4 Qd7 14.Nd1 Ba6 15.c3 0-1

[Event "Cto. Autonómico por Equipos 2007"]
[Site "Aragón"]
[Date "2007.03.03"]
[Round "6.62"]
[White "Valiente Roy Jose Javier"]
[Black "Lancis JJ"]
[Result "1-0"]
[WhiteElo "1818"]
[BlackElo "2079"]

1.d4 d5 2.c4 e6 3.Nc3 Nf6 4.cxd5 exd5 5.Bg5 c6 6.Qc2 Be7 7.e3 h6 8.Bh4 O-O 9.
Bd3 Be6 10.Nf3 Nbd7 11.O-O Rc8 12.Bf5 Bxf5 13.Qxf5 Qb6 14.Rab1 Bd6 15.b4 Qc7
16.Rfc1 Qd8 17.b5 Be7 18.bxc6 bxc6 19.Rb7 Rc7 20.Rxc7 Qxc7 21.Nxd5 Nxd5 22.
Qxd5 Bxh4 23.Nxh4 Qxh2+ 24.Kxh2 cxd5 25.Rc7 Nb6 26.Rxa7 Ra8 27.Rxa8+ Nxa8 28.
Nf5 Kf8 29.Kg3 h5 30.Kf4 g6 31.Nd6 Ke7 32.Nb5 f6 33.f3 Nb6 34.Nc3 Ke6 35.e4
g5+ 36.Ke3 dxe4 37.fxe4 h4 38.Kf3 Nc4 39.a4 Nd2+ 40.Kg4 Nc4 41.Nd1 Nd2 42.Nf2
Nb3 43.d5+ Ke5 44.Kf3 Nd4+ 45.Ke3 Nc2+ 46.Kd2 Nb4 47.Kc3 Na6 48.Kc4 f5 49.exf5
Kxf5 50.Kb5 Nb8 51.a5 Ke5 52.Kc4 Na6 53.Ng4+ Kd6 54.Ne3 Nc7 55.Nf5+ Kd7 56.Kc5
1-0

[Event "Cto. Autonómico por Equipos 2007"]
[Site "Aragón"]
[Date "2007.03.03"]
[Round "6.63"]
[White "Aspas Aspas Mariano"]
[Black "Gutierrez Barrachina Jose A"]
[Result "0-1"]
[WhiteElo "1983"]
[BlackElo "1676"]

1.e4 d5 2.exd5 Qxd5 3.Nc3 Qd6 4.d4 Nf6 5.Nf3 a6 6.h3 e6 7.Bg5 Nbd7 8.Qd2 b5 9.
Bd3 Bb7 10.Qe2 Be7 11.Ne4 Qd5 12.Nxf6+ Nxf6 13.O-O h6 14.Bxf6 Bxf6 15.c3 O-O
16.Rfe1 Qd6 17.Be4 Bxe4 18.Qxe4 c5 19.dxc5 Qxc5 20.Rad1 Rfd8 21.Qe2 Rd5 22.
Rxd5 Qxd5 23.Qe4 Rd8 24.Qxd5 Rxd5 25.Kf1 Kf8 26.Ke2 Ke7 27.Rd1 Kd6 28.Rxd5+
Kxd5 29.Kd3 e5 30.Nd2 Be7 31.g4 g6 32.f3 f5 33.gxf5 gxf5 34.b3 Bg5 35.c4+ Kc5
36.cxb5 axb5 37.a3 Kd5 38.a4 Kc5 39.a5 Bd8 40.a6 Kb6 41.a7 Kxa7 42.Nf1 Kb6 43.
Ne3 f4 44.Ng4 Kc5 45.Nxe5 Bg5 46.Kc2 Kd4 47.Nc6+ Ke3 48.Kc3 Kxf3 49.Nd4+ Kg2
50.Nxb5 f3 51.Nc7 f2 0-1

[Event "Cto. Autonómico por Equipos 2007"]
[Site "Aragón"]
[Date "2007.03.03"]
[Round "6.64"]
[White "Lopez Capape Armando"]
[Black "Fondon Murillo Alvaro"]
[Result "1-0"]
[WhiteElo "1900"]
[BlackElo "1673"]

1.d4 d5 2.c4 c6 3.Nf3 Bg4 4.Ne5 Bh5 5.Qb3 Qb6 6.Qh3 e6 7.Qxh5 g6 8.Qh4 Be7 9.
Qf4 f6 10.Nf3 Bb4+ 11.Nc3 Qa5 12.Bd2 g5 13.Qe3 Kd7 14.a3 dxc4 15.Rc1 Bd6 16.
Ne4 Qd5 17.Nxd6 Kxd6 18.Bb4+ Kd7 19.Nd2 b5 20.Qe4 a5 21.Qxd5+ cxd5 22.Bc5 Na6
23.e3 Nxc5 24.dxc5 Kc6 25.Be2 Kxc5 26.O-O Ne7 27.Rfd1 Rhc8 28.e4 f5 29.exd5
Kb6 1-0

[Event "Cto. Autonómico por Equipos 2007"]
[Site "Aragón"]
[Date "2007.03.03"]
[Round "6.53"]
[White "Laliena Solares Luis"]
[Black "Hernandez Delgado Gabriel"]
[Result "1-0"]
[WhiteElo "2175"]
[BlackElo "2049"]

1.c4 c5 2.Nc3 Nc6 3.g3 Nf6 4.Bg2 g6 5.e4 d6 6.Nge2 Bg7 7.O-O O-O 8.d3 Bg4 9.h3
Bd7 10.Be3 a6 11.a4 Rb8 12.Kh2 h6 13.d4 cxd4 14.Nxd4 Na5 15.Qe2 e5 16.Nc2 Qc7
17.Na3 Nb3 18.Rad1 Rfd8 19.Qc2 Na5 20.Qd3 Be8 21.b4 Nc6 22.Nc2 b6 23.Rc1 Bf8
24.f4 Kh7 25.Qe2 Bg7 26.g4 exf4 27.Bxf4 Nxg4+ 28.Qxg4 Bxc3 29.b5 Ne5 30.Qh4
Nd3 31.Bxh6 Nxc1 32.Bd2+ 1-0

[Event "Cto. Autonómico por Equipos 2007"]
[Site "Aragón"]
[Date "2007.03.03"]
[Round "6.54"]
[White "Labrador FM"]
[Black "Latorre Abad Fernando"]
[Result "0-1"]
[WhiteElo "2005"]
[BlackElo "2065"]

1.d4 Nf6 2.Nf3 g6 3.c4 Bg7 4.Nc3 O-O 5.g3 d6 6.Bg2 Nbd7 7.O-O e5 8.e4 c6 9.Bh3
Qa5 10.d5 cxd5 11.cxd5 b5 12.Nd2 Nc5 13.a4 Ba6 14.Re1 b4 15.Ncb1 Nd3 16.Nb3
Qc7 17.Re3 Nxc1 18.Nxc1 Bh6 19.Re1 Rfc8 20.Nb3 Qc2 21.Qf3 Kg7 22.a5 Qxb2 23.
Ra4 Rab8 0-1

[Event "Cto. Autonómico por Equipos 2007"]
[Site "Aragón"]
[Date "2007.03.03"]
[Round "6.55"]
[White "Cobo Israel"]
[Black "Martin Barbero Roberto"]
[Result "1/2-1/2"]
[WhiteElo "1969"]
[BlackElo "1959"]

1.e4 c5 2.Nf3 g6 3.d4 cxd4 4.Qxd4 Nf6 5.e5 Nc6 6.Qh4 Nxe5 7.Nxe5 Qa5+ 8.Nc3
Qxe5+ 9.Be2 a6 10.Bf4 Qa5 11.O-O-O Bg7 12.g4 O-O 13.Bh6 d6 14.Bxg7 Kxg7 15.g5
Ng8 16.Bg4 Qb4 17.h3 Qf4+ 18.Kb1 f6 19.gxf6+ Qxf6 20.Qg3 Qxf2 21.Qd3 Nf6 22.
Rdf1 Qh4 23.Nd5 Nxd5 24.Rxf8 Kxf8 25.Qxd5 Qf2 26.Qc4 Qc5 27.Qf4+ Bf5 28.Re1
Qxc2+ 29.Ka1 Rc8 30.Qg5 Bxg4 31.hxg4 Rc7 32.Qh6+ Kg8 33.Rf1 Rc8 34.Rh1 Kf7 35.
Qxh7+ Ke8 36.a3 Qe4 37.Qh4 g5 38.Qh5+ Kd7 39.Rf1 Qe2 40.Qh1 Qb5 41.Rf5 Qb3 42.
Rf3 Qd5 43.Qf1 Rc2 44.Rd3 Qc4 45.Qf5+ Kc7 46.Rd1 Rc1+ 47.Rxc1 Qxc1+ 48.Ka2 Qe3
49.Qa5+ Kc8 50.Qf5+ Kb8 51.Qd7 Ka7 52.Qc8 Qe4 53.Qd7 d5 54.a4 Qc4+ 55.Kb1 Qe4+
56.Ka2 e5 57.a5 Qc4+ 58.Kb1 Qb5 59.Qd8 e4 60.Qxg5 Qxa5 61.Qe3+ Ka8 62.g5 Qb5
63.g6 Qf1+ 64.Ka2 Qc4+ 1/2-1/2

[Event "Cto. Autonómico por Equipos 2007"]
[Site "Aragón"]
[Date "2007.03.03"]
[Round "6.56"]
[White "Requena Munguira Jorge"]
[Black "Gayan Miguel Angel"]
[Result "0-1"]
[WhiteElo "1855"]
[BlackElo "1917"]

1.d4 d5 2.c4 e6 3.Nc3 Nf6 4.Bg5 Nbd7 5.e3 Be7 6.Nf3 O-O 7.cxd5 exd5 8.Bd3 c6
9.O-O Ne4 10.Nxe4 dxe4 11.Bxe4 Bxg5 12.Rc1 Be7 13.Qd2 Nf6 14.Bb1 Qd5 15.b4 Bf5
16.a4 Bxb1 17.Rxb1 Ne4 18.Qd3 a6 19.Rfc1 Rfc8 20.Ne5 Bd6 21.Nc4 Bc7 22.Rc2 Nd6
23.Nd2 Qe6 24.Rbc1 Qh6 25.Nf3 Qg6 26.Qxg6 hxg6 27.d5 Bb6 28.dxc6 Rxc6 29.Rxc6
bxc6 30.Rxc6 Rc8 31.Rxc8+ Nxc8 32.Kf1 Ne7 33.Ne5 f6 34.Nc4 Bc7 35.b5 axb5 36.
axb5 Nd5 37.h3 Kf7 38.f3 Ke6 39.Kf2 Nb6 40.Nxb6 Bxb6 41.f4 Kd5 42.Kf3 Kc5 43.
e4 Kxb5 44.Kg4 Bc7 45.e5 Kc5 46.exf6 gxf6 47.f5 g5 48.h4 gxh4 49.Kxh4 Bf4 50.
Kg4 Bg5 51.Kg3 Kd4 52.Kf3 Ke5 53.g4 Kd4 54.Kf2 Ke4 55.Kg3 Ke3 0-1

[Event "Cto. Autonómico por Equipos 2007"]
[Site "Aragón"]
[Date "2007.03.03"]
[Round "6.57"]
[White "Galvez Perez Jose Luis"]
[Black "Gracia Suarez Jesus"]
[Result "1-0"]
[WhiteElo "2125"]
[BlackElo "2129"]

1.c4 Nf6 2.g3 c6 3.Nf3 d5 4.b3 Bf5 5.Bg2 e6 6.O-O Nbd7 7.Bb2 h6 8.d3 Bc5 9.
Nbd2 O-O 10.Qc2 Qe7 11.a3 a5 12.h3 Bh7 13.Rfe1 Nh5 14.Qc3 f5 15.e3 Bd6 16.e4
fxe4 17.dxe4 Qf7 18.b4 axb4 19.axb4 Rxa1 20.Bxa1 Bb8 21.exd5 exd5 22.cxd5 cxd5
23.Re2 Nhf6 24.Nh2 Ne4 25.Nxe4 Bxe4 26.Ng4 Kh7 27.Rxe4 $5 (27.Bxe4+ dxe4 28.
Qd4) 27...dxe4 28.Bxe4+ Kh8 29.Qe3 Qa2 $4 (29...Kg8 30.Qd4 Kh8 31.Nxh6 Qf6 32.
Ng4 Qxd4 33.Bxd4) (29...Qe6 30.Bxb7 (30.Nxh6 $6 Be5 31.Bxe5 Nxe5 32.Bxb7)
30...Qxe3 31.Nxe3) 30.Qxh6+ 1-0

[Event "Cto. Autonómico por Equipos 2007"]
[Site "Aragón"]
[Date "2007.03.03"]
[Round "6.58"]
[White "Glaria Tevar Salvador"]
[Black "Vera Aranjuelo Jesus Maria"]
[Result "0-1"]
[WhiteElo "1936"]
[BlackElo "2114"]

1.d4 d5 2.Nf3 Nf6 3.Bg5 Ne4 4.Bf4 Bf5 5.e3 e6 6.Nbd2 Bd6 7.Be2 Bxf4 8.exf4 O-O
9.Ne5 Nd7 10.g4 Qh4 11.Nxe4 Bxe4 12.Bf3 Nxe5 13.fxe5 Bg6 14.Qe2 Rfc8 15.c4 c6
16.c5 b6 17.cxb6 axb6 18.b4 c5 19.bxc5 bxc5 20.dxc5 Qh3 21.Qe3 d4 22.Qf4 Ra3
23.Be4 Bxe4 0-1

[Event "Cto. Autonómico por Equipos 2007"]
[Site "Aragón"]
[Date "2007.03.03"]
[Round "6.59"]
[White "Garcia Lopez Alberto J"]
[Black "Serrano San Nicolas Angel"]
[Result "1-0"]
[WhiteElo "1965"]
[BlackElo "1805"]

1.Nf3 Nf6 2.g3 g6 3.Bg2 Bg7 4.O-O O-O 5.c4 c6 6.Nc3 d5 7.d3 Na6 8.Bg5 dxc4 9.
dxc4 Be6 10.b3 Qxd1 11.Raxd1 Rfd8 12.e4 h6 13.Be3 Bg4 14.h3 Bxf3 15.Bxf3 e5
16.Be2 Nd7 17.g4 Kf8 18.Rd2 Ke8 19.Rfd1 b6 20.Na4 Nf8 21.c5 b5 22.Nc3 Ne6 23.
Nxb5 Rxd2 24.Rxd2 Ke7 25.Rd6 Naxc5 26.Rxc6 Nxe4 27.Nxa7 Nd4 28.Bxd4 exd4 29.
Rc7+ Kf8 30.Rd7 Be5 31.Bc4 Nd6 32.Bd5 Re8 33.Nc6 Bf4 34.Nxd4 Re1+ 35.Kg2 Rd1
36.Ne2 Be5 1-0

[Event "Cto. Autonómico por Equipos 2007"]
[Site "Aragón"]
[Date "2007.03.03"]
[Round "6.60"]
[White "Cajo Esteban Ruben"]
[Black "Buil Montañes Carlos"]
[Result "1/2-1/2"]
[WhiteElo "1917"]
[BlackElo "1776"]

1.d4 e6 2.Nf3 f5 3.c4 Nf6 4.Nc3 d5 5.Bf4 c6 6.e3 Be7 7.cxd5 exd5 8.Be2 O-O 9.
Rb1 Ne4 10.Nxe4 fxe4 11.Nd2 Nd7 12.b4 Nf6 13.Qc2 Bd6 14.Bxd6 Qxd6 15.Qc5 Qxc5
16.bxc5 Nd7 17.Bg4 b6 18.Bxd7 Bxd7 19.Nb3 b5 20.Na5 Rf6 21.O-O Raf8 22.Rb2 Rg6
23.Kh1 Rgf6 24.Kg1 Rg6 25.Kh1 Rgf6 26.Kg1 1/2-1/2

[Event "Cto. Autonómico por Equipos 2007"]
[Site "Aragón"]
[Date "2007.03.03"]
[Round "6.37"]
[White "Malo Guillen Jose Luis"]
[Black "Carruez Berges Fernando"]
[Result "1-0"]
[WhiteElo "2198"]
[BlackElo "2180"]

1.d4 d5 2.c4 c6 3.Nf3 Nf6 4.Nc3 e6 5.e3 Nbd7 6.Bd3 dxc4 7.Bxc4 b5 8.Bd3 a6 9.
e4 c5 10.d5 c4 11.Bc2 Qc7 12.dxe6 fxe6 13.Ng5 Nc5 14.f4 Bb7 15.Qe2 O-O-O 16.e5
h6 17.Nxe6 Nxe6 18.Bf5 Re8 19.exf6 Qc6 20.Be4 Qc7 21.Bg6 Bc5 22.Bxe8 Rxe8 23.
Bd2 Bxg2 24.O-O-O Bxh1 25.Rxh1 gxf6 26.Re1 Qd7 27.Qh5 Bf8 28.Nd5 Ng7 29.Nb6+
Kd8 30.Rxe8+ Qxe8 31.Qf3 Kc7 32.Ba5 Qc6 33.Nd5+ Kb7 34.Qe4 f5 35.Qe5 Qd6 36.
Qd4 Ne6 37.Qd2 Bg7 38.Bb4 Qd7 39.Qg2 Qc6 40.Qd2 Bd4 41.Nc3 Qf3 42.Nd1 Nxf4 43.
Kb1 Nd3 44.Bc3 Qe4 45.Ka1 f4 46.Bxd4 Qxd4 47.Qg2+ Kb6 48.Qg6+ Ka5 49.Qc6 Nxb2
50.Qc7+ Kb4 51.Qe7+ Ka5 52.Qc7+ Qb6 53.Qxb6+ Kxb6 54.Kxb2 Kc5 55.Kc3 b4+ 56.
Kd2 Kd4 57.Nf2 f3 58.h4 h5 59.Nh3 a5 60.Nf4 c3+ 61.Kc1 Ke3 62.Nxh5 a4 63.Ng3
b3 64.a3 f2 65.h5 c2 66.Kb2 Kd2 67.Ne4+ Ke1 68.Nxf2 Kxf2 69.h6 Ke2 70.Kc1 b2+
71.Kxc2 1-0

[Event "Cto. Autonómico por Equipos 2007"]
[Site "Aragón"]
[Date "2007.03.03"]
[Round "6.38"]
[White "Sicilia Manuel"]
[Black "Alonso Blasco Jose Miguel"]
[Result "1/2-1/2"]
[WhiteElo "2144"]
[BlackElo "2107"]

1.c4 Nf6 2.g3 e6 3.Bg2 d5 4.Nf3 dxc4 5.O-O c5 6.Na3 Be7 7.Nxc4 O-O 8.b3 Nc6 9.
Bb2 Bd7 10.d4 b5 11.Ne3 Rc8 12.Rc1 Nb8 13.Ne5 Qb6 14.d5 Rfd8 15.Qc2 exd5 16.
Nxd7 Nbxd7 17.Nxd5 Nxd5 18.Bxd5 Nf6 19.Bg2 Qe6 20.e4 c4 21.Rfd1 c3 22.Rxd8+
Bxd8 23.Ba3 a5 24.Rd1 b4 25.Bc1 Bb6 26.h3 Qe7 27.Bg5 h6 28.Bc1 Re8 29.Re1 Rd8
30.Bf1 Nd7 31.Kg2 f5 32.Bc4+ Kh8 33.Re2 Ne5 34.Bd5 Qf6 35.Bf4 Ng6 36.Qc1 Nxf4+
37.Qxf4 fxe4 38.Qxf6 gxf6 39.Bxe4 Re8 40.Kf3 Kg7 41.h4 Re5 42.g4 h5 43.gxh5
Kh6 44.Bg6 Rxe2 45.Kxe2 Bd8 46.f3 f5 1/2-1/2

[Event "Cto. Autonómico por Equipos 2007"]
[Site "Aragón"]
[Date "2007.03.03"]
[Round "6.39"]
[White "Querol Soro Sergio"]
[Black "Carruez Berges Santiago"]
[Result "1-0"]
[WhiteElo "1979"]
[BlackElo "2119"]

1.b4 e5 2.Bb2 Bxb4 3.Bxe5 Nf6 4.Nf3 O-O 5.e3 Re8 6.Bb2 d5 7.Be2 Bf5 8.O-O Nbd7
9.c4 Bd6 10.Nc3 dxc4 11.Bxc4 Ne5 12.Nxe5 Bxe5 13.f4 Bd6 14.Qb3 Be6 15.Rad1 c6
16.Rf3 Qb6 17.Bxe6 Rxe6 18.Qc2 Qc5 19.Qb1 Rae8 20.Rc1 Qb4 21.Qc2 Bf8 22.Ba1
Ne4 23.f5 Re5 24.Rf4 Qe7 25.d4 Nxc3 26.dxe5 Nd5 27.Rf3 Qg5 28.Bd4 Nb4 29.Qb3
Qh4 30.e6 fxe6 31.fxe6 Bd6 32.g3 Qe4 33.e7+ Nd5 34.Rcf1 Qxe7 35.Rf7 1-0

[Event "Cto. Autonómico por Equipos 2007"]
[Site "Aragón"]
[Date "2007.03.03"]
[Round "6.40"]
[White "Martin Fernando"]
[Black "Tirapo Larcuen Ana"]
[Result "0-1"]
[WhiteElo "1900"]
[BlackElo "1870"]

1.d4 Nf6 2.Nf3 g6 3.Bf4 Bg7 4.c3 d6 5.Nbd2 Nbd7 6.e3 O-O 7.Be2 e6 8.h3 Qe7 9.
O-O e5 10.Bg5 h6 11.Bh4 g5 12.dxe5 Nxe5 13.Nxe5 dxe5 14.Bg3 Bf5 15.Qa4 c6 16.
Rad1 b5 17.Qb3 Nd7 18.e4 Be6 19.Qc2 a5 20.b3 Nc5 21.f3 h5 22.Bf2 Bh6 23.Be3 f6
24.Rf2 Rad8 25.Rdf1 Qd6 26.c4 Nd3 27.Bxd3 Qxd3 28.Qxd3 Rxd3 29.Re2 Rfd8 30.Kf2
bxc4 31.Nxc4 Bxc4 32.bxc4 Rc3 33.Rc1 Rxc1 34.Bxc1 Bf8 35.Rd2 Bc5+ 36.Ke2 Bd4
37.Rd3 a4 38.Be3 c5 39.Bxd4 exd4 40.Rd2 Rb8 41.Kd3 Kf7 42.g3 Rb1 43.Rh2 Rc1
44.Rb2 Rc3+ 45.Ke2 Rxc4 46.g4 h4 47.Rb7+ Ke6 48.Rb6+ Ke5 49.Rb2 a3 50.Rb5 Kf4
51.Rb6 Rc2+ 52.Kd1 Rxa2 53.Rxf6+ Ke3 54.Kc1 d3 0-1

[Event "Cto. Autonómico por Equipos 2007"]
[Site "Aragón"]
[Date "2007.03.03"]
[Round "6.46"]
[White "Valles Mata David"]
[Black "Cebollada Pacheco Jesus Raul"]
[Result "1/2-1/2"]
[WhiteElo "2130"]
[BlackElo "2010"]

1.e4 c5 2.Nf3 e6 3.d4 cxd4 4.Nxd4 Nc6 5.Nc3 Qc7 6.Ndb5 Qb8 7.a4 Nf6 8.g3 a6 9.
Na3 Bc5 10.Bg2 h5 11.h3 Qc7 12.Nc4 d6 13.Bf4 Ne5 14.Nxe5 dxe5 15.Bc1 b6 16.O-O
Bb7 17.Qe2 O-O-O 18.Bd2 Rd4 19.Be3 Rd7 20.Bxc5 Qxc5 21.Rfd1 Rxd1+ 22.Rxd1 Rd8
23.Rxd8+ Kxd8 24.Qd3+ Qd4 25.Ne2 Qxd3 26.cxd3 a5 27.f4 Ba6 28.Nc1 Nd7 29.Bf1
exf4 30.gxf4 e5 31.fxe5 Nxe5 32.Kf2 Ke7 33.Ke3 f6 34.b3 h4 35.Na2 Bc8 36.d4
Nf7 37.Nc3 Be6 38.d5 Bd7 39.Ne2 b5 40.axb5 Bxb5 41.Bg2 Bxe2 42.Kxe2 Kd6 43.Kd3
Kc5 44.Kc3 Nd6 45.Bf3 Nb5+ 46.Kd3 Nd4 47.Bd1 Nb5 48.Bf3 Nc7 49.Bg4 Nb5 50.Be2
Nd6 51.Bf3 Nf7 52.Bd1 Ne5+ 53.Ke3 g5 54.Be2 Kb4 55.Bd1 Kc3 56.d6 Nc6 57.d7 Kb4
58.e5 fxe5 59.Bf3 Nd8 60.Ke4 Kxb3 61.Kxe5 Kc4 62.Kf6 Kc5 63.Kxg5 a4 64.Bd1 a3
65.Bb3 Kd6 66.Kxh4 Kxd7 67.Kg4 Ke7 1/2-1/2

[Event "Cto. Autonómico por Equipos 2007"]
[Site "Aragón"]
[Date "2007.03.03"]
[Round "6.47"]
[White "Quintin Navarro Alberto"]
[Black "Guetas Sanchez Hugo"]
[Result "0-1"]
[WhiteElo "1907"]
[BlackElo "2085"]

1.e4 d5 2.exd5 Nf6 3.d4 Bg4 4.f3 Bf5 5.Bb5+ Nbd7 6.c4 e6 7.dxe6 fxe6 8.Bxd7+
Qxd7 9.Nc3 O-O-O 10.Be3 Qc6 11.b3 Bb4 12.Ne2 e5 13.Qc1 Bd3 14.d5 Rxd5 15.cxd5
Nxd5 16.Bd2 Bxc3 17.Nxc3 Nb4 18.Ne2 Nc2+ 19.Kf2 Bxe2 20.Kxe2 Qg6 21.Kf2 e4 22.
f4 e3+ 23.Bxe3 Nxa1 24.Qxa1 Qc2+ 25.Kg1 Rd8 26.Bd4 c5 27.h3 Rxd4 28.Kh2 Qf2
29.Rf1 Qd2 30.Kh1 g6 31.a3 Qd3 32.Rc1 b6 33.Qb2 Kb7 34.Rc2 Qf1+ 35.Kh2 Qxf4+
36.g3 Qe3 37.Re2 Qd3 38.Re7+ Ka6 39.Re2 Qf3 40.Rf2 Qd3 41.Rg2 h5 42.b4 c4 43.
b5+ Kb7 44.Rf2 c3 45.Rf7+ Kc8 46.Qg2 Qd2 47.Rf2 Qxf2 0-1

[Event "Cto. Autonómico por Equipos 2007"]
[Site "Aragón"]
[Date "2007.03.03"]
[Round "6.48"]
[White "Andreu Sin Raul"]
[Black "Arregui Unotria Carlos"]
[Result "1-0"]
[WhiteElo "2041"]
[BlackElo "1827"]

1.c4 Nf6 2.Nc3 e6 3.g3 d5 4.cxd5 exd5 5.d4 Bf5 6.Bg2 c6 7.Nf3 Bd6 8.O-O O-O 9.
Nh4 Bg6 10.f3 c5 11.Be3 Re8 12.Bf2 Na6 13.a3 Rc8 14.Re1 cxd4 15.Bxd4 Bc5 16.
Nxg6 hxg6 17.Kh1 Bxd4 18.Qxd4 b6 19.Rad1 Rc4 20.Qd2 d4 21.Nb5 Nd5 22.e4 Ndc7
23.Bf1 Rc6 24.Qxd4 Qg5 25.Nxa7 Rc2 26.Bxa6 Nxa6 27.Qa4 Rxb2 28.Qxe8+ Kh7 29.
Rd8 1-0

[Event "Cto. Autonómico por Equipos 2007"]
[Site "Aragón"]
[Date "2007.03.10"]
[Round "7.1"]
[White "Lopez Gracia Fernando"]
[Black "Hefty Hilardo Jorge Walter"]
[Result "1-0"]
[WhiteElo "2328"]
[BlackElo "2337"]

1.e4 e5 2.Nf3 d6 3.d4 exd4 4.Nxd4 Nf6 5.f3 Be7 6.c4 O-O 7.Be2 c6 8.O-O Na6 9.
Nc3 Re8 10.Be3 Bd7 11.Qd2 Qc7 12.a3 Rad8 13.Kh1 Nc5 14.b4 Ne6 15.Nf5 Bf8 16.
Rfd1 Bc8 17.Rac1 Qb8 18.Bf1 g6 19.Nh6+ Kg7 20.Qf2 a6 21.Qb2 Be7 22.Ne2 Kf8 23.
Ng3 c5 24.Ne2 Ng7 25.Nc3 Be6 26.Nd5 Bxd5 27.cxd5 Nd7 28.bxc5 dxc5 29.f4 b5 30.
e5 Rc8 31.Be2 c4 32.Bg4 f5 33.exf6 Bxf6 34.Bd4 Qd6 35.Bxd7 Bxd4 36.Qxd4 1-0

[Event "Cto. Autonómico por Equipos 2007"]
[Site "Aragón"]
[Date "2007.03.10"]
[Round "7.2"]
[White "Aparicio Navarro Pedro Jose"]
[Black "Campos Hernandez Antonio"]
[Result "1-0"]
[WhiteElo "2205"]
[BlackElo "2263"]

1.Nf3 Nc6 2.e4 d6 3.d4 Nf6 4.Nc3 g6 5.Be2 Bg7 6.O-O O-O 7.h3 a6 8.Be3 b5 9.a3
Bb7 10.b4 Nd7 11.Qd2 Re8 12.Rfb1 e5 13.d5 Ne7 14.Nh2 f5 15.f3 f4 16.Bf2 g5 17.
a4 bxa4 18.Nxa4 Nf6 19.c4 h5 20.c5 g4 21.hxg4 hxg4 22.Nxg4 Nxg4 23.fxg4 Kf7
24.cxd6 Qxd6 25.Bc5 Qh6 26.Bc4 Kg6 27.d6 cxd6 28.Qxd6+ Bf6 29.Rd1 Rh8 30.Qxf6+
Kxf6 31.Rd6+ Kg5 32.Rxh6 Rxh6 33.Bxe7+ Kxg4 34.Nc5 Bc8 35.Kf2 Rb6 36.Be2+ f3
37.Bxf3+ 1-0